Tratado de calefacción, ventilación y acondicionamiento de aire / (Record no. 127526)
[ view plain ]
| 000 -LEADER | |
|---|---|
| campo de control de longitud fija | 00845nam a2200217 4500 |
| 001 - NÚMERO DE CONTROL | |
| campo de control | 127526 |
| 003 - IDENTIFICADOR DE NÚMERO DE CONTROL | |
| campo de control | ES-MaACL |
| 005 - FECHA Y HORA DE LA ÚLTIMA TRANSACCIÓN | |
| campo de control | 20230906193029.0 |
| 007 - CAMPO FIJO DE DESCRIPCIÓN FÍSICA--INFORMACIÓN GENERAL | |
| campo de control de longitud fija | t| |
| 008 - DATOS DE LONGITUD FIJA--INFORMACIÓN GENERAL | |
| campo de control de longitud fija | 070214s1965 sp r ||||1| spa d |
| 100 1# - ENTRADA PRINCIPAL--NOMBRE DE PERSONA | |
| Nombre de persona | Rietschel, H. |
| 9 (RLIN) | 97169 |
| 245 10 - MENCIÓN DEL TÍTULO | |
| Título | Tratado de calefacción, ventilación y acondicionamiento de aire / |
| Mención de responsabilidad, etc. | H. Rietschel ; edición ampliada por Wilhelm Raiss ; con un capítulo sobre principios termofisiológicos e higiénicos por E. Roedler ; edición traducida por Pedro Moles Roca, Antonio Cardona Cumella. |
| 250 ## - MENCION DE EDICION | |
| Mención de edición | 2ª. ed. |
| 260 ## - PUBLICACIÓN, DISTRIBUCIÓN, ETC. | |
| Lugar de publicación, distribución, etc. | Barcelona : |
| Nombre del editor, distribuidor, etc. | Labor, |
| Fecha de publicación, distribución, etc. | 1965. |
| 300 ## - DESCRIPCIÓN FÍSICA | |
| Extensión | XVI, 767 p. : |
| Otras características físicas | il. ; |
| Dimensiones | 27 cm. |
| 700 1# - ENTRADA AGREGADA--NOMBRE PERSONAL | |
| Nombre de persona | Raiss, Wilhelm. |
| 9 (RLIN) | 95038 |
| 700 1# - ENTRADA AGREGADA--NOMBRE PERSONAL | |
| Nombre de persona | Roedler, E. |
| 9 (RLIN) | 98899 |
| 700 1# - ENTRADA AGREGADA--NOMBRE PERSONAL | |
| Nombre de persona | Moles Roca, Pedro. |
| 9 (RLIN) | 81865 |
| 700 1# - ENTRADA AGREGADA--NOMBRE PERSONAL | |
| Nombre de persona | Cardona Cumella, Antonio. |
| 9 (RLIN) | 35185 |
| 852 ## - LOCALIZACIÓN | |
| Ubicación | ES-MaACL |
| Número de control de estantería | C-28060 |
| Sublocalización o colección | R.57490 |
| Estatus retirado | Estado de pérdida | Estado de daño | No para préstamo | Biblioteca de origen | Biblioteca actual | Ubicación en estantería | Fecha de adquisición | Fuente de adquisición | Total de préstamos | Signatura topográfica completa | Código de barras | Visto por última vez | Precio de reemplazo | Tipo de ítem Koha |
|---|---|---|---|---|---|---|---|---|---|---|---|---|---|---|
| Biblioteca del Ateneo de Madrid | Biblioteca del Ateneo de Madrid | Depósito 2 | 17/01/2008 | C-28060 | 1132825 | 23/02/2023 | 23/02/2023 | Libro impreso |
